000 00716nam a2200205 a 4500
001 000021533
003 AM-YEHGA
005 20250617120843.0
008 030329s1994 ai |||||||||||||||||arm d
040 _aAM-YeHGA
041 0 _aarm
100 1 _aՓիլիպոսյան, Վահագն Վ.
245 1 0 _aԺողովրդավարական քաղաքական համակարգի ձևավորումը Հայաստանի Հանրապետությունում /
_cՎահագն Վ. Փիլիպոսյան.
260 _aԵրևան :
_bԵՊՀ հրատ.,
_c1994.
300 _a152 էջ
650 1 4 _aՊետություն և իրավունք
700 1 _aՀովսեփյան, Հ.Ա.
_eխմբ.
_4edt
942 _cBK
090 _c8016
999 _c7956
_d7956